000 00716nam a2200229Ii 4500
003 JO-AjNU
008 230605s9999||||xx |||||||||||||| ||und||
017 _a2013/9/3504
020 _a978-9957-16-853-7
040 _aJO-AjNU
_bara
_erda
_cJO-AjNU
041 _aara
050 1 4 _aK3165.K4892.2014
100 3 _a الخطيب، نعمان أحمد ,
_eauthor
_950813
245 0 0 _aالبسيط في النظام الدستوري
250 _aط1
264 3 1 _aعمان : دار الثقافة ، 2014
300 _a367ص
336 _atext
_btxt
_2rdacontent
337 _aunmediated
_bn
_2rdamedia
338 _avolume
_bnc
_2rdacarrier
650 4 _aالقانون الدستوري -- الأردن
_950814
999 _aA22406
_c25974
_d25974